<?xml version="1.0" encoding="UTF-8"?>
<record
    xmlns:xsi="http://www.w3.org/2001/XMLSchema-instance"
    xsi:schemaLocation="http://www.loc.gov/MARC21/slim http://www.loc.gov/standards/marcxml/schema/MARC21slim.xsd"
    xmlns="http://www.loc.gov/MARC21/slim">

  <leader>01070nam a22002297a 4500</leader>
  <controlfield tag="005">20140312084409.0</controlfield>
  <controlfield tag="008">140224s2011    ko ab  gr|||| 00| 0 eng d</controlfield>
  <datafield tag="041" ind1=" " ind2=" ">
    <subfield code="a">eng</subfield>
  </datafield>
  <datafield tag="082" ind1=" " ind2=" ">
    <subfield code="a">555</subfield>
    <subfield code="b">K84m</subfield>
  </datafield>
  <datafield tag="110" ind1="2" ind2=" ">
    <subfield code="a">Korea Natinal Park Service</subfield>
    <subfield code="b">Oficina de Gesti&#xF3;n de Rendimiento</subfield>
    <subfield code="9">20459</subfield>
  </datafield>
  <datafield tag="242" ind1="1" ind2="0">
    <subfield code="a">Monta&#xF1;a, Mar y Felicidad</subfield>
    <subfield code="b">Reporte de Sostenibilidad 2011</subfield>
    <subfield code="c">Korea National Park Services</subfield>
    <subfield code="y">spa</subfield>
  </datafield>
  <datafield tag="245" ind1="1" ind2="0">
    <subfield code="a">Mountain, Sea and Happiness</subfield>
    <subfield code="b">Sustainability Report 2011</subfield>
    <subfield code="c">Korea National Park Services</subfield>
  </datafield>
  <datafield tag="260" ind1="3" ind2=" ">
    <subfield code="a">Seoul</subfield>
    <subfield code="b">Korea National Park Services</subfield>
    <subfield code="c">2011</subfield>
  </datafield>
  <datafield tag="300" ind1=" " ind2=" ">
    <subfield code="a">74 p.</subfield>
    <subfield code="b">il., fot., mapas, gr&#xE1;ficas, tablas</subfield>
    <subfield code="c">28 cm</subfield>
    <subfield code="e">Opini&#xF3;n del Lector (desprendible) y publicidad</subfield>
  </datafield>
  <datafield tag="505" ind1="2" ind2=" ">
    <subfield code="a">Reporte Especial 1 p. 23 ; Resporte Especial 2 p. 33 ; Ambiente p. 39 ; Sociedad p. 47 ; Econom&#xED;a p. 61</subfield>
  </datafield>
  <datafield tag="590" ind1=" " ind2=" ">
    <subfield code="a">242 Es el titulo traducido por la agencia catalogadora</subfield>
  </datafield>
  <datafield tag="650" ind1=" " ind2="4">
    <subfield code="a">Sostenibilidad</subfield>
    <subfield code="v">Reporte</subfield>
    <subfield code="z">Seoul</subfield>
    <subfield code="9">20460</subfield>
  </datafield>
  <datafield tag="650" ind1=" " ind2="4">
    <subfield code="a">Ambiente</subfield>
    <subfield code="v">Reporte</subfield>
    <subfield code="z">Seoul</subfield>
    <subfield code="9">20461</subfield>
  </datafield>
  <datafield tag="650" ind1=" " ind2="4">
    <subfield code="a">Sociedad</subfield>
    <subfield code="v">Reporte</subfield>
    <subfield code="z">Seoul</subfield>
    <subfield code="9">20462</subfield>
  </datafield>
  <datafield tag="650" ind1=" " ind2="4">
    <subfield code="a">Economia</subfield>
    <subfield code="v">Reporte</subfield>
    <subfield code="z">Seoul</subfield>
    <subfield code="9">20463</subfield>
  </datafield>
  <datafield tag="942" ind1=" " ind2=" ">
    <subfield code="2">ddc</subfield>
    <subfield code="c">Impreso</subfield>
  </datafield>
  <datafield tag="999" ind1=" " ind2=" ">
    <subfield code="c">8137</subfield>
    <subfield code="d">8137</subfield>
  </datafield>
  <datafield tag="952" ind1=" " ind2=" ">
    <subfield code="0">0</subfield>
    <subfield code="1">0</subfield>
    <subfield code="2">ddc</subfield>
    <subfield code="4">0</subfield>
    <subfield code="7">0</subfield>
    <subfield code="8">GENERAL</subfield>
    <subfield code="I">INV2017</subfield>
    <subfield code="a">Bogota</subfield>
    <subfield code="b">Bogota</subfield>
    <subfield code="d">2014-02-24</subfield>
    <subfield code="e">Instituto</subfield>
    <subfield code="g">39000.00</subfield>
    <subfield code="l">0</subfield>
    <subfield code="o">LB-555 K84m</subfield>
    <subfield code="p">034050</subfield>
    <subfield code="r">2014-02-24 00:00:00</subfield>
    <subfield code="t">Ej. 1</subfield>
    <subfield code="w">2014-02-24</subfield>
    <subfield code="x">Donaci&#xF3;n</subfield>
    <subfield code="y">LIBRO</subfield>
  </datafield>
</record>
